Statystyki dla Tablica Mendelejewa

Kliknij tutaj aby rozwiązać quiz!

Ogólne statystyki

  • Ten quiz został rozwiązany 109 024 razy
    (103 399 od ostatniego zresetowania)
  • Średni wynik to 41 z 118

Statystyki odpowiedzi

#SymbolPierwiastek% Poprawnych
1HWodór
95%
8OTlen
93%
6CWęgiel
88%
79AuZłoto
87%
2HeHel
85%
7NAzot
79%
47AgSrebro
79%
16SSiarka
77%
88RaRad
77%
26FeŻelazo
77%
19KPotas
77%
84PoPolon
75%
29CuMiedź
71%
12MgMagnez
70%
11NaSód
69%
17ClChlor
65%
30ZnCynk
65%
3LiLit
63%
20CaWapń
62%
15PFosfor
61%
50SnCyna
58%
9FFluor
57%
35BrBrom
56%
13AlGlin
56%
10NeNeon
56%
5BBor
55%
14SiKrzem
54%
92UUran
53%
18ArArgon
53%
80HgRtęć
52%
53IJod
52%
25MnMangan
51%
4BeBeryl
51%
54XeKsenon
47%
82PbOłów
47%
56BaBar
46%
78PtPlatyna
44%
24CrChrom
40%
28NiNikiel
39%
22TiTytan
38%
99EsEinstein
37%
112CnKopernik
37%
94PuPluton
36%
95AmAmeryk
36%
93NpNeptun
35%
36KrKrypton
35%
27CoKobalt
34%
32GeGerman
34%
34SeSelen
33%
31GaGal
32%
55CsCez
30%
33AsArsen
29%
74WWolfram
29%
87FrFrans
27%
23VWanad
27%
63EuEurop
27%
89AcAktyn
26%
57LaLantan
26%
86RnRadon
26%
48CdKadm
25%
39YItr
23%
38SrStront
23%
37RbRubid
23%
83BiBizmut
23%
77IrIryd
22%
90ThTor
21%
21ScSkand
21%
42MoMolibden
21%
46PdPallad
21%
81TlTal
21%
101MdMendelew
20%
102NoNobel
20%
76OsOsm
20%
51SbAntymon
19%
75ReRen
19%
45RhRod
19%
40ZrCyrkon
18%
52TeTellur
18%
73TaTantal
18%
41NbNiob
18%
49InInd
18%
96CmKiur
17%
107BhBohr
17%
85AtAstat
17%
98CfKaliforn
16%
118OgOganeson
16%
58CeCer
16%
43TcTechnet
16%
44RuRuten
16%
72HfHafn
14%
115McMoskow
14%
108HsHas
14%
104RfRutherford
14%
60NdNeodym
14%
103LrLorens
13%
105DbDubn
13%
70YbIterb
13%
111RgRoentgen
13%
68ErErb
13%
100FmFerm
12%
91PaProtaktyn
12%
97BkBerkel
12%
69TmTul
12%
62SmSamar
12%
59PrPrazeodym
12%
65TbTerb
12%
64GdGadolin
12%
106SgSeaborg
12%
61PmPromet
12%
67HoHolm
12%
71LuLutet
12%
110DsDarmsztadt
11%
114FlFlerow
11%
117TsTenes
11%
113NhNihon
10%
66DyDysproz
10%
109MtMeitner
10%
116LvLiwermor
9%

Rozkład punktacji

Percentyl według liczby udzielonych odpowiedzi

Procent ludzi z każdym wynikiem

Twoja historia wyników

Nie rozwiązałeś tego quizu od ostatniego zresetowania